000 06779nam a22002897a 4500
003 NALT
005 20260209160027.0
008 250813b th ||||| |||| 00| 0 tha d
040 _aNALT
086 _aสว 09 7.3 341.756 2567
110 2 _aสำนักงานเลขาธิการวุฒิสภา.
_bสำนักกรรมาธิการ 1
_92441
245 1 0 _aรายงานการพิจารณาศึกษา เรื่อง การพัฒนาศักยภาพโลจิสติกส์ด้านการขนส่งทางทะเลระหว่างประเทศของไทย คณะกรรมาธิการการคมนาคม วุฒิสภา /
_cสำนักกรรมาธิการ 1 สำนักงานเลขาธิการวุฒิสภา.
260 _aกรุงเทพฯ :
_bสำนักงานเลขาธิการวุฒิสภา,
_c2567.
300 _a113 หน้า :
_bภาพประกอบ, ตาราง, แผนภูมิ ;
_c29 ซม.
505 2 _a1. บทนำ -- 1.1 ความเป็นมาและเหตุผลในการศึกษา -- 1.2 วัตถุประสงค์ของการศึกษา -- 1.3 ขอบเขตของการศึกษา -- 1.4 ประโยชน์ที่คาดว่าจะได้รับจากการศึกษา -- 1.5 คำจำกัดความ -- 2. ทบทวนวรรณกรรม -- 2.1 บริบทพานิชยนาวีการขนส่งทางทะเล -- 2.2 ยุทธศาสตร์ แผนปฏิบัติราชการที่เกี่ยวข้องกับโลจิสติกส์ด้านการขนส่งทางทะเล -- 2.3 องค์กรกำกับดูแล กฎหมาย และข้อผูกพันการเปิดตลาดการค้าบริการ สาขาการขนส่งทางทะเลของไทยในเวทีต่าง ๆ ของโลก -- 2.4 สถานการณ์การขนส่งทางทะเลโลก -- 2.5 สถานการณ์การขนส่งทางทะเล ศักยภาพกองเรือพาณิชย์ท่าเรือหลักประเทศไทย -- 2.6 รายงานวิจัยที่เกี่ยวข้องกับการพัฒนากองเรือพาณิชย์และท่าเรือหลักในการขนส่งทางทะเลไทย -- 3. วิธีการศึกษา -- 3.1 วิธีดำเนินการศึกษา -- 3.2 ขั้นตอนการรวบรวมข้อมูล -- 3.3 การวิเคราะห์ข้อมูล -- 3.4 จัดทำข้อเสนอแนะ -- 3.5 สรุปข้อมูลสภาพปัญหาปัจจุบันกองเรือพาณิชย์และการท่าเรือหลักไทย และข้อเสนอแนะจากการประชุม/สัมมนา/การศึกษาดูงาน -- 3.6 สภาพปัญหาและข้อเสนอแนะแนวทาง/มาตรการการแก้ปัญหาท่าเรือหลักของประเทศไทย -- 3.7 ประเด็นการขาดแคลนบุคลากร คนประจำเรือที่มีความรู้ความสามารถ -- 3.8 การศึกษาดูงานสภาพปัญหาการดำเนินการท่าเรือสงขลา -- 3.9 การศึกษาดูงานท่าเรือมาบตาพุด -- 4. ผลการศึกษา -- 4.1 สภาพปัญหาของการพัฒนาศักยภาพกองเรือพาณิชย์ และท่าเรือหลัก -- 4.2 แนวทางและมาตรการในการพัฒนาศักยภาพกองเรือพาณิชย์และท่าเรือหลักของประเทศไทยเพื่อพัฒนาศักยภาพโลจิสติกส์ด้านการขนส่งทางทะเลระหว่างประเทศของไทย -- 5. สรุปผลการศึกษาและข้อเสนอแนะ -- 5.1 สภาพปัญหาปัจจุบันของการพัฒนาศักยภาพกองเรือพาณิชย์ไทยและท่าเรือหลักรวมทั้งการขนส่งเชื่อมต่อภายนอกท่าเรือ องค์ประกอบหลักของโลจิสติกส์ด้านการขนส่งทางทะเล -- 5.2 นำเสนอแนวทางและมาตรการในการพัฒนาศักยภาพกองเรือพาณิชย์และท่าเรือหลักของประเทศไทยเพื่อพัฒนาศักยภาพโลจิสติกส์ด้านการขนส่งทางทะเลระหว่างประเทศของไทย -- 5.3 ข้อเสนอแนะเพื่อพัฒนาศักยภาพการขนส่งทางทะเลระหว่างประเทศเพื่อยกกระดับขีดความสามารถในการแข่งขันของประเทศไทย.
610 2 4 _aคณะกรรมาธิการการคมนาคม วุฒิสภา
_xรายงาน
_917506
650 0 _aการขนส่งทางน้ำ
_939088
650 4 _aการขนส่งสินค้าทางทะเล
_966644
650 4 _aโลจิสติกส์
_966645
710 2 _aคณะกรรมาธิการการคมนาคม วุฒิสภา.
_941314
856 4 0 _uhttps://prt.parliament.go.th/items/789bfc9e-581f-4699-86cc-e0389cebeb91
942 _cPAR
_2local
996 _anapasorn.k
_bLIBSTF
_c2025-08-13
996 _ajamriang.p
_bCATSTF
_c2025-09-29
999 _c107072
_d107072
998 _j1020
_k นางจำเรียง ระวังสำโรง